| 000 | 00741 a2200241 4500 | ||
|---|---|---|---|
| 999 |
_c77691 _d28607 |
||
| 001 | 77691 | ||
| 003 | TR-AnTOB | ||
| 005 | 20221130151425.0 | ||
| 008 | 100712s1973 tu 000 0 | ||
| 040 |
_aTR-AnTOB _beng _cTR-AnTOB _erda |
||
| 041 | _atur | ||
| 050 | 1 | 4 | _aJQ1805.D46 |
| 090 | _aJQ 1805.D46 1973 | ||
| 100 | 1 |
_aDemiral, Cafer _962682 |
|
| 245 | 1 | 0 |
_aTürkiye Cumhuriyeti'ni yönetenler : _bCumhurbaşkanları, Başbakanlar, Bakanlar, Kabineler / _cCafer Demiral. |
| 264 | 1 |
_aAnkara : _bTürkiye Ticaret Odaları ve Ticaret Borsaları Birliği. _c1973. |
|
| 300 |
_a186 pages ; _c20 cm |
||
| 590 | _aSayın Metin Çetin tarafından bağışlanmıştır. | ||
| 902 | _a29319 | ||
| 903 | _aMerkez Kütüphane | ||
| 942 |
_cBK _2lcc |
||